| 000 | 00554nam a22001817a 4500 | ||
|---|---|---|---|
| 999 |
_c124469 _d124469 |
||
| 005 | 20211027104117.0 | ||
| 008 | 211027b ||||| |||| 00| 0 eng d | ||
| 020 | _a9789811560439 | ||
| 040 | _cPK-LaUMT | ||
| 082 |
_a004.678 _bFOG- |
||
| 245 |
_aFog data analytics for IoT applications : _bnext generation process model with state of the art technologies / _cedited by Sudeep Tanwar |
||
| 260 |
_aSingapore : _bSpringer, _c2020 |
||
| 300 | _a497 p. | ||
| 650 | _aBig data | ||
| 650 | _aCloud computing | ||
| 650 | _aInternet of things | ||
| 942 | _cBK | ||